000 01988cam a22003135a 4500
001 16772413
005 20150816130326.0
008 110510t2011 nyua frf 001 0 eng d
020 _a9780071666664
020 _a0071666664
040 _aYDX
_beng
_cYDX
_dYDXCP
_dBWX
_dORX
_dEUF
_dCDX
_dDLC
_dEG-ScBUE
082 0 4 _a624.1821
_222
_bSTR
245 0 0 _aStructural steel designer's handbook /
_ceditors Roger L. Brockenbrough, Frederick S. Merritt.
250 _a5th ed.
260 _aNew York :
_bMcGraw Hill,
_cc.2011
_f(Acid-free Paper)
300 _a[Various pagings] :
_bill. ;
_c25 cm.
500 _aIncludes index.
500 _aIncludes index.
505 0 0 _tProperties of structural steels and effects of steelmaking and fabrication /
_rRoger L. Brockenbrough-
_tFabrication and erection /
_rThomas Schlafly-
_tConnections /
_rLarry S. Muir, William A. Thornton-
_tBuilding codes, loads, and fire protection /
_rNestor R. Iwankiw-
_tCriteria for building design /
_rRoger L. Brockenbrough-
_tDesign of building members /
_rAli A. K. Haris, Kaise Haris-
_tFloor and roof systems /
_rDaniel A. Cuoco-
_tLateral-force design /
_rCharles W. Roeder-
_tCold-formed steel design /
_rRoger L. Brockenbrough, R. A. Laboube-
_tHighway bridge design criteria /
_rDennis R. Mertz-
_tRailroad bridge design criteria /
_rJohn f. Unsworth-
_tBeam and girder bridges /
_rMahir Sen, Alfred Hedefine, John Swindleehurst-
_tTruss bridges /
_rJohn M. Kulicki, Betsy M. Reiner-
_tArch bridges /
_rKenneth J. Wright, Matthew A. Bunner-
_tCable-suspended bridges /
_rWalter Podolny, David Goodyear.
590 _aCatalogued by : Mostafa El-Helaly
650 0 _aBuilding, Iron and steel
_918712
_vHandbooks, manuals, etc.
_2BUEsh
650 0 _aSteel, Structural
_912463
_vHandbooks, manuals, etc.
_2BUEsh
651 _2BUEsh
653 _bENGARC
_cFebruary2012
_cApril2015
655 _vreading book
_934232
700 1 _aBrockenbrough, R. L.,
_928953
_eeditor.
700 1 _aMerritt, Frederick S.,
_928954
_eeditor.
942 _2ddc
_cBB
999 _c16475
_d16475